<?xml version="1.0" encoding="UTF-8"?>
<collection xmlns="http://www.loc.gov/MARC21/slim">
 <record>
  <leader>02927ntm a22005057i 4500</leader>
  <controlfield tag="001">000722125</controlfield>
  <controlfield tag="003">CZ-PrVSE</controlfield>
  <controlfield tag="005">20250629141137.0</controlfield>
  <controlfield tag="006">m        d</controlfield>
  <controlfield tag="007">cr n||||||||||</controlfield>
  <controlfield tag="008">250629s2025    xr     fsbm   000 0 cze d</controlfield>
  <datafield tag="STA" ind1=" " ind2=" ">
   <subfield code="a">NEZPRACOVANÝ IMPORT</subfield>
  </datafield>
  <datafield tag="040" ind1=" " ind2=" ">
   <subfield code="a">ABA006</subfield>
   <subfield code="b">cze</subfield>
   <subfield code="c">ABA006</subfield>
   <subfield code="d">ABA006</subfield>
   <subfield code="e">rda</subfield>
  </datafield>
  <datafield tag="100" ind1="1" ind2=" ">
   <subfield code="a">Pochopová, Kristýna</subfield>
   <subfield code="%">ISIS:156161</subfield>
   <subfield code="4">dis</subfield>
  </datafield>
  <datafield tag="242" ind1="1" ind2="0">
   <subfield code="a">Payroll audit in a selected business corporation</subfield>
   <subfield code="y">eng</subfield>
  </datafield>
  <datafield tag="245" ind1="1" ind2="0">
   <subfield code="a">Audit mzdové oblasti ve vybrané obchodní korporaci /</subfield>
   <subfield code="c">Kristýna Pochopová</subfield>
  </datafield>
  <datafield tag="264" ind1=" " ind2="0">
   <subfield code="c">2025</subfield>
  </datafield>
  <datafield tag="300" ind1=" " ind2=" ">
   <subfield code="a">?? stran :</subfield>
   <subfield code="3">digital, PDF soubor</subfield>
  </datafield>
  <datafield tag="500" ind1=" " ind2=" ">
   <subfield code="a">Vedoucí práce: Marek Jošt</subfield>
  </datafield>
  <datafield tag="502" ind1=" " ind2=" ">
   <subfield code="a">Diplomová práce (Ing.)—Vysoká škola ekonomická v Praze. Fakulta financí a účetnictví, 2025</subfield>
  </datafield>
  <datafield tag="504" ind1=" " ind2=" ">
   <subfield code="a">Obsahuje bibliografii</subfield>
  </datafield>
  <datafield tag="516" ind1=" " ind2=" ">
   <subfield code="a">Textový (vysokoškolská kvalifikační práce)</subfield>
  </datafield>
  <datafield tag="518" ind1=" " ind2=" ">
   <subfield code="a">Rok obhajoby 2025</subfield>
  </datafield>
  <datafield tag="520" ind1="3" ind2=" ">
   <subfield code="a">Tato diplomová práce pojednává o auditu účetní závěrky se zaměřením na mzdovou oblast. Jejím hlavním cílem je poskytnout ucelený přehled auditorských postupů při ověřování mzdových procesů a následně aplikovat teoretické poznatky na vybraný podnik. Práce se skládá ze čtyř kapitol. První kapitola se věnuje úvodu do auditu účetní závěrky, objasňuje jeho cíle, regulaci a celkový průběh. Druhá kapitola nejprve poskytuje obecnou charakteristiku pohledávek a závazků vůči zaměstnancům a způsob jejich účtování a následně detailně rozebírá auditorské postupy používané při ověřování této oblasti účetní závěrky. Třetí kapitola představuje vybranou účetní jednotku. Poslední kapitola se zaměřuje na praktickou aplikaci auditorských postupů při ověřování pohledávek a závazků vůči zaměstnancům auditorem v konkrétní účetní jednotce.</subfield>
  </datafield>
  <datafield tag="538" ind1=" " ind2=" ">
   <subfield code="a">Způsob přístupu: Internet</subfield>
  </datafield>
  <datafield tag="653" ind1="0" ind2=" ">
   <subfield code="a">účetnictví a finanční řízení podniku [obor dipl. práce]</subfield>
  </datafield>
  <datafield tag="655" ind1=" " ind2="7">
   <subfield code="a">diplomové práce</subfield>
   <subfield code="7">fd132022</subfield>
   <subfield code="2">czenas</subfield>
  </datafield>
  <datafield tag="655" ind1=" " ind2="9">
   <subfield code="a">master's theses</subfield>
   <subfield code="2">eczenas</subfield>
  </datafield>
  <datafield tag="690" ind1=" " ind2=" ">
   <subfield code="a">audit účetní závěrky</subfield>
  </datafield>
  <datafield tag="690" ind1=" " ind2=" ">
   <subfield code="a">mzdy a zaměstnanci</subfield>
  </datafield>
  <datafield tag="690" ind1=" " ind2=" ">
   <subfield code="a">auditorské postupy</subfield>
  </datafield>
  <datafield tag="690" ind1=" " ind2=" ">
   <subfield code="a">účetnictví</subfield>
  </datafield>
  <datafield tag="700" ind1="1" ind2=" ">
   <subfield code="a">Jošt, Marek</subfield>
   <subfield code="7">jo20201061846</subfield>
   <subfield code="4">ths</subfield>
  </datafield>
  <datafield tag="700" ind1="1" ind2=" ">
   <subfield code="a">Králíček, Vladimír,</subfield>
   <subfield code="d">1952-</subfield>
   <subfield code="7">ola2003198137</subfield>
   <subfield code="4">opn</subfield>
  </datafield>
  <datafield tag="710" ind1="2" ind2=" ">
   <subfield code="a">Vysoká škola ekonomická v Praze.</subfield>
   <subfield code="b">Fakulta financí a účetnictví</subfield>
   <subfield code="7">kn20010709398</subfield>
   <subfield code="4">dgg</subfield>
  </datafield>
  <datafield tag="856" ind1="4" ind2="0">
   <subfield code="u">https://insis.vse.cz/zp/89244/podrobnosti</subfield>
   <subfield code="y">VŠKP v InSIS</subfield>
  </datafield>
  <datafield tag="856" ind1="4" ind2="0">
   <subfield code="u">https://insis.vse.cz/zp/89244</subfield>
   <subfield code="y">Hlavní práce</subfield>
  </datafield>
  <datafield tag="856" ind1="4" ind2="0">
   <subfield code="u">https://insis.vse.cz/zp/89244/posudek/vedouci</subfield>
   <subfield code="y">Hodnocení vedoucího</subfield>
  </datafield>
  <datafield tag="856" ind1="4" ind2="0">
   <subfield code="u">https://insis.vse.cz/zp/89244/posudek/oponent/84440</subfield>
   <subfield code="y">Oponentura</subfield>
  </datafield>
  <datafield tag="999" ind1="4" ind2="0">
   <subfield code="u">https://insis.vse.cz/zp/89244/podrobnosti</subfield>
   <subfield code="y">dc:identifier</subfield>
  </datafield>
  <datafield tag="993" ind1=" " ind2=" ">
   <subfield code="x">NEPOSILAT</subfield>
   <subfield code="y">VSKP</subfield>
  </datafield>
  <datafield tag="999" ind1="4" ind2="9">
   <subfield code="a">vse89244</subfield>
   <subfield code="b">250621</subfield>
  </datafield>
  <datafield tag="999" ind1="4" ind2="5">
   <subfield code="x">89244</subfield>
  </datafield>
 </record>
</collection>
